=LDR 00000nam 2200000 4500 =001 INLIS000000000018957 =005 20200826013935 =035 ##$$a 0010-061300000018957 =008 200826################g##########0#ind## =041 ##$$a Ind =082 ##$$a 301 =090 ##$$a 301, Koe p =100 ##$$a Kuntjaraningrat =245 1#$$a Pengantar ilmu antropologi /$c Koentjaraningrat =260 ##$$a Jakarta :$b Rineka Cipta,$c 1990 =300 ##$$a 408 hlm. : $b ilus ; $c 19 x 13 cm. =650 #4$$a Antropologi =850 ##$$a NBPNMAT =084 ##$$a 301 KUN p =250 ##$$a cet. 8 =990 ##$$a 12.258/Pro.81 =990 ##$$a 21195484/BPAP-NTB/2014 =990 ##$$a 21195877/BPAP-NTB/2014 =990 ##$$a 0001/BPAP-NTB/20142014 =990 ##$$a 0001/BPAP-NTB/2016 =990 ##$$a 0001/BPAP-NTB/2016 =990 ##$$a 21195877/BPAP-NTB/2014 =990 ##$$a 12.258/Pro.81 =990 ##$$a 21195484/BPAP-NTB/2014 =990 ##$$a 0001/BPAP-NTB/20142014 =990 ##$$a 0001/BPAP-NTB/2016 =990 ##$$a 0001/BPAP-NTB/2016 =990 ##$$a 10606228 =990 ##$$a 12.258/Pro.81 =990 ##$$a 21195877/BPAP-NTB/2014 =990 ##$$a 0001/BPAP-NTB/20142014 =990 ##$$a 0001/BPAP-NTB/2016 =990 ##$$a 0001/BPAP-NTB/2016 =990 ##$$a 40600631 =990 ##$$a 12.258/Pro.81 =990 ##$$a 10606228 =990 ##$$a 0001/BPAP-NTB/20142014 =990 ##$$a 0001/BPAP-NTB/2016 =990 ##$$a 0001/BPAP-NTB/2016 =990 ##$$a 10606227 =990 ##$$a 12.258/Pro.81 =990 ##$$a 10606228 =990 ##$$a 40600631 =990 ##$$a 0001/BPAP-NTB/20142014 =990 ##$$a 0001/BPAP-NTB/2016 =990 ##$$a 40600628 =990 ##$$a 12.258/Pro.81 =990 ##$$a 10606228 =990 ##$$a 40600631 =990 ##$$a 10606227 =990 ##$$a 12.258/Pro.81 =990 ##$$a 10606228 =990 ##$$a 40600631 =990 ##$$a 40600628 =990 ##$$a 10606227